Entry Personal Name
Number of records used in: 4
001 - CONTROL NUMBER
003 - CONTROL NUMBER IDENTIFIER
005 - DATE AND TIME OF LATEST TRANSACTION
- control field:
20200123151013.0
008 - FIXED-LENGTH DATA ELEMENTS
- fixed length control field:
790305n| azannaabn |a aaa
010 ## - LIBRARY OF CONGRESS CONTROL NUMBER
- LC control number:
n 79017938
035 ## - SYSTEM CONTROL NUMBER
- System control number:
(OCoLC)oca00251794
040 ## - CATALOGING SOURCE
- Original cataloging agency:
DLC
- Language of cataloging:
eng
- Description conventions:
rda
- Transcribing agency:
DLC
- Modifying agency:
TxHU
- Modifying agency:
DLC
046 ## - SPECIAL CODED DATES
100 1# - HEADING--PERSONAL NAME
- Personal name:
Williams, Thomas A.
- Fuller form of name:
(Thomas Arthur),
- Dates associated with a name:
1944-
400 1# - SEE FROM TRACING--PERSONAL NAME
- Control subfield:
nne
- Personal name:
Williams, Thomas Arthur,
- Dates associated with a name:
1944-
670 ## - SOURCE DATA FOUND
- Source citation:
Linear programming for ... 1974.
670 ## - SOURCE DATA FOUND
- Source citation:
An introd. to mgmt. sci., c1982:
- Information found:
t.p. (Thomas A. Williams)
670 ## - SOURCE DATA FOUND
- Source citation:
Quantitative methods for business, 2000:
- Information found:
CIP t.p. (Thomas A. Williams, Rochester Institute of Technology) data sheet (b. 05-05-1944)